000 02027nam0a2200313 4500
001 RU\NLR\bibl\743620
005 20260407143719.0
010 _a5-246-00666-2
021 _aRU
_b2004-71265
_93516
035 _a(NLR Aleph) 000733476
090 _a777385
_c777385
100 _a20050404d2003 |||y0rusy50 ca
101 0 _arus
102 _aRU
105 _aa |||||||||
200 1 _aБизнес-карта-2003. [Промышленность. Регион. Деловые справочники]. Т. 9
_iПромышленность, Приволжский Федеральный округ. Административно-управленческие структуры. Социально-экономическое положение. Пензенская область. Республика Татарстан. Россия
_fАгентство деловой информ. [Бизнес-карта]
210 _aМосква
_cАгентство деловой информации "Бизнес-карта"
_d2003
215 _a390 с.
_cцв. карт.
_d21
300 _aНа обл. только частное загл. тома в сокр. виде
320 _aАлф. указатели: по видам продукции и услуг, по видам сырья и материалов, использ. предприятиями, предприятий по обл. и респ.: с. 5-68
512 0 _aПромышленность. Россия. Приволжский Федеральный округ. Пензенская область. Республика Татарстан
606 1 _aПромышленность
_jБизнес-карты
_yПоволжье
_91907880
_3RU\NLR\auth\66869229
686 _aУ30(2Р35)я2
712 0 2 _4570
_a"Бизнес-карта", агентство деловой информации
_cМосква
_3RU\NLR\AUTH\8810016251
_9530346
801 0 _aRU
_bNLR
_c20050404
_grcr
801 1 _aRU
_bNLR
_c20050404
942 _cBOOK
980 _aNB